| 000 | 00694nam a22001697a 4500 | ||
|---|---|---|---|
| 005 | 20120215124443.0 | ||
| 020 |
_a8181463242 _c80.00 |
||
| 082 | _aक | ||
| 245 | _aक्रिकेट / | ||
| 260 |
_aचैन्नई _bतूलिका पब्लिशिंग _c2010 |
||
| 270 |
_a13, पृथ्वी ऐवन्यु,अभिरमपुरम _bचैन्नई _e600018 |
||
| 300 |
_aअ.पृ _bसचित्र _c20सेमी (अजिल्द) |
||
| 700 | _942026 | ||
| 700 | _942095 | ||
| 942 |
_2ddc _cCH _hक _mक्रिकेट |
||
| 999 |
_c62855 _d62855 |
||